000 00309nam a2200121Ia 4500
008 220214s9999 xx 000 0 und d
245 0 _aFarm Fare
260 _bDorothy Drieberg
_aNew Delhi
310 _aM
500 _aEnding Volume & Year: 1, 1974
500 _aStarting Volume & Year: 1, 1974
942 _cBJ
999 _c19226
_d19226